Signaling Status with Luxury Goods: The Role of Brand Prominence (Record no. 4930)

MARC details
000 -CABECERA
campo de control de longitud fija 02001nam a22003017a 4500
003 - IDENTIFICADOR DEL NÚMERO DE CONTROL
campo de control OSt
005 - FECHA Y HORA DE LA ÚLTIMA TRANSACCIÓN
campo de control 20250910143529.0
008 - DATOS DE LONGITUD FIJA--INFORMACIÓN GENERAL
campo de control de longitud fija 250910b |||||||| |||| 00| 0 eng d
022 ## - NÚMERO INTERNACIONAL NORMALIZADO PARA PUBLICACIONES SERIADAS
Número Internacional Normalizado para Publicaciones Seriadas 1547-7185
022 ## - NÚMERO INTERNACIONAL NORMALIZADO PARA PUBLICACIONES SERIADAS
Número Internacional Normalizado para Publicaciones Seriadas 0022-2429
040 ## - FUENTE DE LA CATALOGACIÓN
Centro catalogador/agencia de origen English
Centro/agencia transcriptor tbs
041 ## - CÓDIGO DE LENGUA
Código de lengua del texto/banda sonora o título independiente English
245 ## - MENCIÓN DE TÍTULO
Título Signaling Status with Luxury Goods: The Role of Brand Prominence
Mención de responsabilidad, etc. / Jee Han Y., Nunes J.,Dreze X.
260 ## - PUBLICACIÓN, DISTRIBUCIÓN, ETC.
Nombre del editor, distribuidor, etc. Journal of Marketing
Fecha de publicación, distribución, etc. 2010
362 ## - FECHAS DE PUBLICACIÓN Y/O DESIGNACIÓN SECUENCIAL
Fecha de publicación y/o designación secuencial Journal of Consumer Psychology, vol 16, 57-69, 2006
520 ## - SUMARIO, ETC.
Sumario, etc. This research introduces "brand prominence," a construct reflecting the conspicuousness of a brand's mark or logo on a product. The authors propose a taxonomy that assigns consumers to one of four groups according to their wealth and need for status, and they demonstrate how each group's preference for conspicuously or inconspicuously branded luxury goods corresponds predictably with their desire to associate or dissociate with members of their own and other groups. Wealthy consumers low in need for status want to associate with their own kind and pay a premium for quiet goods only they can recognize. Wealthy consumers high in need for status use loud luxury goods to signal to the less affluent that they are not one of them. Those who are high in need for status but cannot afford true luxury use loud counterfeits to emulate those they recognize to be wealthy. Field experiments along with analysis of market data (including counterfeits) support the proposed model of status signaling using brand prominence.
650 #0 - PUNTO DE ACCESO ADICIONAL DE MATERIA--TÉRMINO DE MATERIA
Término de materia o nombre geográfico como elemento de entrada Conspicuous consumption
9 (RLIN) 25850
650 #0 - PUNTO DE ACCESO ADICIONAL DE MATERIA--TÉRMINO DE MATERIA
Término de materia o nombre geográfico como elemento de entrada Handbags
650 #0 - PUNTO DE ACCESO ADICIONAL DE MATERIA--TÉRMINO DE MATERIA
Término de materia o nombre geográfico como elemento de entrada Luxuries
9 (RLIN) 10795
650 #0 - PUNTO DE ACCESO ADICIONAL DE MATERIA--TÉRMINO DE MATERIA
Término de materia o nombre geográfico como elemento de entrada Shoes
9 (RLIN) 25852
650 #0 - PUNTO DE ACCESO ADICIONAL DE MATERIA--TÉRMINO DE MATERIA
Término de materia o nombre geográfico como elemento de entrada Proletariat
9 (RLIN) 25851
650 #0 - PUNTO DE ACCESO ADICIONAL DE MATERIA--TÉRMINO DE MATERIA
Término de materia o nombre geográfico como elemento de entrada Marketing
9 (RLIN) 1020
700 ## - ENTRADA AGREGADA--NOMBRE PERSONAL
Nombre de persona Han, Young Jee
9 (RLIN) 25853
700 ## - ENTRADA AGREGADA--NOMBRE PERSONAL
Nombre de persona Nunes, Joseph C.
9 (RLIN) 25854
700 ## - ENTRADA AGREGADA--NOMBRE PERSONAL
Nombre de persona Drèze, Xavier
9 (RLIN) 25855
856 ## - LOCALIZACIÓN Y ACCESO ELECTRÓNICOS
Identificador Uniforme del Recurso <a href="https://bibliotheque.tbs-education.fr/Default/doc/bth/51168738/signaling-status-with-luxury-goods-the-role-of-brand-prominence">https://bibliotheque.tbs-education.fr/Default/doc/bth/51168738/signaling-status-with-luxury-goods-the-role-of-brand-prominence</a>
942 ## - ELEMENTOS DE ENTRADA AGREGADA (KOHA)
Fuente del sistema de clasificación o colocación Clasificación de Library of Congress
Holdings
Estado de retiro Estado de pérdida Fuente del sistema de clasificación o colocación Estado dañado No para préstamo Biblioteca de origen Biblioteca actual Fecha de adquisición Total de préstamos Código de barras Fecha visto por última vez Identificador Uniforme del Recurso Precio válido a partir de Tipo de ítem Koha Nota pública
    Clasificación de Library of Congress     TBS Barcelona TBS Barcelona 10/09/2025   4930 10/09/2025 https://bibliotheque.tbs-education.fr/Default/doc/bth/51168738/signaling-status-with-luxury-goods-the-role-of-brand-prominence 10/09/2025 Academic Journal Journal of marketing, 2010-07, Vol.74 (4), p.15-30

Powered by Koha